000
00294nam a22001097a 4500
008
170119b xxu||||| |||| 00| 0 eng d
020
_a
9780781718493
041
_a
eng
080
_2
3RD
_a
618.2
245
_a
STUDY GUIDE TO ACCOMPANY MATERNAL & CHILD HEALTH NURSING
_c
JOHNSON, J.Y
942
_2
udc
_c
BK
999
_c
3200
_d
3200